000 00718nam a2200229Ia 4500
005 20250508163839.0
008 008 250505s9999 xx 000 0 eng d
020 _a0-415-20581-6
037 _aReference
040 _aFEDL
_beng
_cFEDL
041 _aeng
_2eng
084 _a363.7, YEN
_qFEDL
100 _aYencken David Ed.
_9776528
245 0 _aEnvironment, education and society in the Asia-Pacific: Local traditions and global discourses
260 _aLondon, UK
_bRoutledge
_c2000
300 _axviii,341p.
365 _aGBP
_b75
650 _aEnvironmental education
_9766882
700 _a Fien John Ed. Sykes Helen Ed.
_9776529
942 _cREF
_h363.7, YEN
999 _c1385586
_d1385586